000
00277nam a2200121Ia 4500
008
190216s9999||||xx |||||||||||||| ||und||
100
_a
Pradeep Kumar
245
0
_a
Elements Of Financial Management
260
_b
Null
_c
1979
300
_a
286p
650
_a
Commerce
942
_c
BK
999
_c
4261
_d
4261